Statistiken für Finnische Städte Karten-Quiz

Klicken Sie hier um das Quiz zu spielen!

Allgemein

  • Dieses Quiz wurde 46 mal gespielt
  • Das Durchschnittsergebnis liegt bei 9 aus 22

Antworten auf der Karte

Die Antworten werden auf der Karte rot bzw. grün angezeigt, abhängig davon wie oft sie richtig erraten wurden.
 

Antwortstatistiken

Antwort% Korrekt
Helsinki
96%
Tampere
70%
Oulu
67%
Mariehamn
63%
Turku
59%
Rovaniemi
52%
Jyväskylä
41%
Lahti
41%
Pori
41%
Lappeenranta
37%
Hämeenlinna
33%
Mikkeli
33%
Joensuu
30%
Kotka
30%
Kuusamo
30%
Savonlinna
30%
Vaasa
30%
Kajaani
26%
Kemi
26%
Kokkola
26%
Kuopio
26%
Seinäjoki
26%

Verteilung der Resultate

Perzentil nach korrekt beantworteten Fragen

Anzahl Personen mit jedem Resultat

Ihre Resultats-Entwicklung

Sie haben dieses Quiz noch nicht gespielt